Teaching scriptwriting, screenplays and storyboards for film and TV production

Saved in:
Bibliographic Details
Main Author: Readman, Mark
Format: Book
Language:English
Published: London : BFI Education, c2003
Series:Teaching film and media studies
Subjects:
Tags: Add Tag
No Tags, Be the first to tag this record!

MARC

LEADER 00000nam a2200000 i 4500
001 1/24030
008 121204s2003 eng d
020 |a 0-85170-974-5 
035 |l 10113360 
040 |a GR-MY-UA  |b gre  |e aacr 
041 0 |a eng 
082 0 |a 808.23  |2 (22) 
100 1 |a Readman, Mark. 
245 1 0 |a Teaching scriptwriting, screenplays and storyboards for film and TV production /  |c Mark Readman 
260 |a London :   |b BFI Education,   |c c2003 
300 |a 78 σ.;  |c 25 εκ. 
490 1 |a Teaching film and media studies 
504 |a Βιβλιογραφία: σ. 76-78 
650 0 0 |a Motion picture authorship  |x Study and teaching. 
650 0 0 |a Television authorship  |x Study and teaching. 
830 0 |a Teaching film and media studies 
852 |a INST  |b SYROS  |e 20121204  |h 808.23 REA  |p 005500010476  |q 005500010476  |t BK  |y 0 
901 |a BIBL5-2012-3 
909 |a Ε  |b 177503 
922 |a 5ΕΛΗ  |b 201210  |c ΒΙΒΛΙΟΘΗΚΗ ΣΥΡΟΥ  |d Π. ΙΩΑΝΝΙΔΟΥ 
970 |a ΚΟΝΤΟΥ  |b ΠΑΡΑΣΚΕΥΗ  |z 2012/12/04